Indigenous difference and the constitution Canada

Đã lưu trong:
书目详细资料
主要作者: Patrick Macklem
格式: 图书
语言:Undetermined
出版: Canada Toronto Press 2001
标签: 添加标签
没有标签, 成为第一个标记此记录!
Thư viện lưu trữ: Trung tâm Học liệu Trường Đại học Cần Thơ
LEADER 00434nam a2200157Ia 4500
001 CTU_56152
008 210402s9999 xx 000 0 und d
082 |a 323.1197 
082 |b M158 
100 |a Patrick Macklem 
245 0 |a Indigenous difference and the constitution Canada 
245 0 |c Patrick Macklem 
260 |a Canada 
260 |b Toronto Press 
260 |c 2001 
980 |a Trung tâm Học liệu Trường Đại học Cần Thơ